Finis le titre de la chanson #23 - Statistiques

Statistiques générales
  • Ce quiz a été pris 186 fois
  • Le résultat moyen est 14 sur 30
Statistiques - réponses
Artistes Chanson Réponse % Correct
Céline Dion "J'irai où tu..." Iras
99%
Gims "Est-ce que tu m'..." Aimes ?
94%
Johnny Hallyday "Allumer le..." Feu
93%
Black M "Sur ma..." Route
93%
Vianney "Je m'en..." Vais
93%
Europe "The Final..." Countdown
74%
Pink Floyd "Another Brick in the..." Wall
64%
Eddy de Pretto "Fête de..." Trop
62%
Berlin "Take My Breath..." Away
61%
Therapie TAXI, Roméo Elvis "Hit..." Sale
59%
Gorillaz "Clint..." Eastwood
57%
Fine Young Cannibals "She Drives Me..." Crazy
53%
Future, Metro Boomin, The Weeknd "We Still Don't Trust..." You
53%
Phil Collins "Another Day in..." Paradise
50%
Bon Jovi "Livin' On A..." Prayer
48%
Deep Purple "Smoke On The..." Water
45%
Noir Désir "L'Homme..." Pressé
44%
47ter "Côte..." Ouest
42%
Indila "Ainsi bas la..." Vida
40%
Queen "A Kind Of..." Magic
37%
The Communards, Sarah Jane Morris "Don't Leave Me This..." Way
32%
The Bangles "Walk Like an..." Egyptian
31%
Cyndi Lauper "True..." Colors
29%
Technotronic "Pump Up The..." Jam
22%
Modern Talking "Brother..." Louie
16%
Pretenders "Don't Get Me..." Wrong
16%
Jimi Hendrix "Purple..." Haze
14%
Gun N' Roses "Paradise..." City
12%
Frédéric François "Tu m'as..." Laissé
9%
Willy William "Voodoo..." Song
6%
Aucun quiz correspondant
Distribution des résultats
% des personnes avec chaque résultat
Percentile par nombre de réponses
Votre historique - résultats
Vous n’avez pas pris ce quiz